Bad in the Answers - Statistics

General Stats
  • This quiz has been taken 79,757 times
    25,356 since last reset
  • The average score is 14 of 20
Answer Stats
Clue Answer % Correct
Enemy of Little Red Riding Hood Big Bad Wolf
94%
Racquet sport Badminton
93%
TV show about a chemistry teacher turned drug kingpin Breaking Bad
91%
Smoking or biting one's nails, e.g. Bad habit
89%
I hate to be the bearer of ... Bad news
89%
Shot through the heart, and you're to blame. Darling, you give love a ... Bad name
84%
Lack of etiquette Bad manners
83%
Mirror breaker's curse Bad luck
77%
Capital of Pakistan Islamabad
76%
Lady Gaga song Bad Romance
69%
Movie starring Will Smith and Martin Lawrence Bad Boys
68%
Possible outcome of taking LSD Bad trip
68%
One can spoil the whole bunch Bad apple
66%
Billie Eilish song Bad Guy
66%
A serious feud or grudge Bad blood
65%
Eroded landscape that can be found in the Dakotas Badlands
63%
Halitosis Bad breath
60%
Animal which Dachshunds were bred to hunt Badger
49%
2007 movie starring Jonah Hill Superbad
46%
Sailor of seven seas Sinbad
45%
No matching quizzes found
Score Distribution
Percent of People with Each Score
Percentile by Number Answered
Your Score History
You have not taken this quiz since the last reset